Most Enduring Baby Girl Names UK 1904 - 2014 - Statistics

General Stats
  • This quiz has been taken 2,079 times
  • The average score is 21 of 44
Answer Stats
Frequency Answer Years Present % Correct
12 Elizabeth 1904, 1914, 1924, 1934, 1944, 1954, 1964, 1974, 1984, 1994, 2004, 2014
94%
9 Mary 1904, 1914, 1924, 1934, 1944, 1954, 1964, 1974, 1984
92%
8 Ann 1904, 1914, 1924, 1934, 1944, 1954, 1964, 1974
87%
12 Sarah 1904, 1914, 1924, 1934, 1944, 1954, 1964, 1974, 1984, 1994, 2004, 2014
76%
9 Jane 1904, 1914, 1924, 1934, 1944, 1954, 1964, 1974, 1984
73%
7 Emma 1904, 1914, 1974, 1984, 1994, 2004, 2014
72%
7 Margaret 1904, 1914, 1924, 1934, 1944, 1954, 1964
72%
8 Emily 1904, 1914, 1924, 1974, 1984, 1994, 2004, 2014
71%
10 Catherine 1904, 1914, 1924, 1934, 1944, 1954, 1964, 1974, 1984, 1994
69%
7 Anna 1954, 1964, 1974, 1984, 1994, 2004, 2014
66%
7 Charlotte 1904, 1914, 1974, 1984, 1994, 2004, 2014
66%
8 Hannah 1904, 1914, 1924, 1974, 1984, 1994, 2004, 2014
58%
6 Rachel 1904, 1964, 1974, 1984, 1994, 2004
58%
6 Joan 1904, 1914, 1924, 1934, 1944, 1954
56%
7 Laura 1904, 1914, 1964, 1974, 1984, 1994, 2004
56%
8 Jennifer 1934, 1944, 1954, 1964, 1974, 1984, 1994, 2004
55%
11 Maria 1904, 1914, 1924, 1934, 1944, 1954, 1964, 1974, 1984, 1994, 2014
55%
8 Alice 1904, 1914, 1924, 1934, 1984, 1994, 2004, 2014
54%
10 Helen 1904, 1914, 1924, 1934, 1944, 1954, 1964, 1974, 1984, 1994
54%
7 Grace 1904, 1914, 1924, 1934, 1994, 2004, 2014
53%
7 Amy 1904, 1914, 1924, 1984, 1994, 2004, 2014
52%
7 Lily 1904, 1914, 1924, 1934, 1994, 2004, 2014
51%
8 Lucy 1904, 1914, 1924, 1974, 1984, 1994, 2004, 2014
50%
6 Caroline 1904, 1944, 1954, 1964, 1974, 1984
47%
6 Kate 1904, 1914, 1974, 1984, 1994, 2004
47%
7 Patricia 1914, 1924, 1934, 1944, 1954, 1964, 1974
42%
7 Barbara 1904, 1914, 1924, 1934, 1944, 1954, 1964
41%
9 Marie 1904, 1914, 1924, 1934, 1944, 1954, 1964, 1974, 1984
41%
7 Christine 1924, 1934, 1944, 1954, 1964, 1974, 1984
40%
7 Eleanor 1904, 1914, 1924, 1984, 1994, 2004, 2014
38%
9 Ruth 1904, 1914, 1924, 1934, 1944, 1954, 1964, 1974, 1984
38%
6 Jean 1904, 1914, 1924, 1934, 1944, 1954
37%
6 Evelyn 1904, 1914, 1924, 1934, 1944, 2014
36%
7 Janet 1904, 1914, 1924, 1934, 1944, 1954, 1964
36%
7 Frances 1904, 1914, 1924, 1934, 1944, 1954, 1964
35%
6 Dorothy 1904, 1914, 1924, 1934, 1944, 1954
34%
6 Angela 1934, 1944, 1954, 1964, 1974, 1984
27%
6 Daisy 1904, 1914, 1924, 1994, 2004, 2014
26%
7 Kathleen 1904, 1914, 1924, 1934, 1944, 1954, 1964
21%
6 Irene 1904, 1914, 1924, 1934, 1944, 1954
16%
7 Heather 1934, 1944, 1954, 1964, 1974, 1984, 1994
15%
6 Jacqueline 1934, 1944, 1954, 1964, 1974, 1984
13%
6 Eileen 1904, 1914, 1924, 1934, 1944, 1954
12%
6 Marion 1904, 1914, 1924, 1934, 1944, 1954
6%
No matching quizzes found
Score Distribution
Percent of People with Each Score
Percentile by Number Answered
Your Score History
You have not taken this quiz